000 00222nam a2200097Ia 4500
008 230907s9999||||xx |||||||||||||| ||und||
082 _a338.9
_bLAN
245 0 _aMacroeconomic policy :
300 _a318 pages.
942 _cBK
999 _c599957
_d599957